América Nuestra/
Furkejuvvon:
| Searvvušdahkki: | |
|---|---|
| Materiálatiipa: | Girji |
| Giella: | Spanish |
| Almmustuhtton: |
Cuba:
AUNA-CUBA,
|
| Fáttát: | |
| Fáddágilkorat: |
Lasit fáddágilkoriid
Eai fáddágilkorat, Lasit vuosttaš fáddágilkora!
|
MARC
| LEADER | 00000nam a22000007a 4500 | ||
|---|---|---|---|
| 003 | cru CIDCACS/IIS | ||
| 005 | 20220420110837.0 | ||
| 007 | ta | ||
| 008 | 190222s cu |||p|r||||||0| ||spa|d | ||
| 040 | |c cru CIDCACS/IIS | ||
| 090 | |a REV1393 | ||
| 110 | 2 | |9 8351 |a Asociación por la Unidad de Nuestra América | |
| 245 | 1 | |a América Nuestra/ |c Asociación por la Unidad de Nuestra América | |
| 260 | |a Cuba: |b AUNA-CUBA, | ||
| 270 | |a AUNA-Cuba, calle 18 nº 704, Miramar, La Habana |d Cuba | ||
| 500 | |a EXISTENCIAS : sf (3-9) 1995 (1-2) 1997 (1-3) 1998 (2) 1999 5(2,4) 199? (6) | ||
| 650 | 0 | |9 126 |a CULTURA | |
| 650 | 0 | |9 3066 |a ASPECTOS POLITICOS | |
| 650 | 0 | |9 6227 |a LIBERALIZACION DEL INTERCAMBIO | |
| 650 | 0 | |9 88 |a MUJERES | |
| 651 | 4 | |9 1846 |a CUBA | |
| 942 | |2 ddc |c PP | ||
| 999 | |c 42217 |d 42217 | ||
